एक गुमनाम योद्धा / (Record no. 213166)

MARC details
000 -LEADER
fixed length control field 00737nam a22001817a 4500
005 - DATE AND TIME OF LATEST TRANSACTION
control field 20250826154452.0
010 ## - LCCN (DPL NO)
LC control number HIN-130290
020 ## - INTERNATIONAL STANDARD BOOK NUMBER
International Standard Book Number 9788193568392
Terms of availability 400.00
035 ## - SYSTEM CONTROL NUMBER
System control number HN-102636
037 ## - SOURCE OF ACQUISITION
Source of stock number/acquisition DBAD
082 ## - DEWEY DECIMAL CLASSIFICATION NUMBER
Classification number 921
100 ## - MAIN ENTRY--PERSONAL NAME
Personal name पाण्डेय, अशोक
245 ## - TITLE STATEMENT
Title एक गुमनाम योद्धा /
Statement of responsibility, etc अशोक पाण्डेय 'अनहद'
260 ## - PUBLICATION, DISTRIBUTION, ETC. (IMPRINT)
Place of publication, distribution, etc लखनऊ
Name of publisher, distributor, etc प्रांजल पब्लिकेशन्स
Date of publication, distribution, etc 2021
270 ## - ADDRESS
City लखनऊ
Postal code 226022
Address सी-33, शिवानी विहार, कल्याणपुर,
300 ## - PHYSICAL DESCRIPTION
Extent 272 पृ.
Dimensions 23सेमी (अजिल्द)
942 ## - ADDED ENTRY ELEMENTS (KOHA)
Item type Hindi Books
Source of classification or shelving scheme Dewey Decimal Classification
Classification part 921
Call number suffix पाण्डेय
Holdings
Withdrawn status Lost status Not for loan Collection code Home library Current library Date acquired Source of acquisition Cost, normal purchase price Full call number Barcode Copy number Cost, replacement price Koha item type
      Non-fiction Sarojini Nagar Sarojini Nagar 26/08/2025 DBAD 400.00 921 पाण्डेय HN-102636 1 400.00 Hindi Books

© Delhi Public Library
Hit Counter
free hit counter